Compartiendo a Susan
Gespeichert in:
| 1. Verfasser: | |
|---|---|
| Format: | Buch |
| Sprache: | Spanisch |
| Veröffentlicht: |
Bogotá
Norma
2000
|
| Ausgabe: | 8a. ed |
| Schriftenreihe: | Torre de Papel
|
| Schlagworte: | |
| Tags: |
Tag hinzufügen
Keine Tags, Fügen Sie den ersten Tag hinzu!
|
MARC
| LEADER | 00000nam a2200000 a 4500 | ||
|---|---|---|---|
| 001 | UCH8543 | ||
| 003 | CL-VaPUC | ||
| 008 | 091127e20000300CK |||||||||||||||||spa|d | ||
| 020 | |a 9580431515 | ||
| 082 | 0 | 4 | |a 823 |b BUN |2 21 |
| 100 | 0 | |a Bunting, Eve |e author |9 545130 | |
| 245 | 1 | 0 | |a Compartiendo a Susan |
| 250 | |a 8a. ed | ||
| 300 | |a 164 p | ||
| 942 | |c BK | ||
| 945 | |d 20091127 00:00:00 |a lazolas | ||
| 260 | |a Bogotá |b Norma |c 2000 | ||
| 500 | |a Traducido por Gabriela Arciniegas | ||
| 500 | |a Ilustrado por Misael Poblador | ||
| 650 | 0 | |a Literatura inglesa |9 312907 | |
| 650 | 0 | |a Literatura juvenil |9 309909 | |
| 583 | |a last modification |c 20091127 00:00:00 |k Rodrigo Vera | ||
| 490 | 0 | |a Torre de Papel | |
| 999 | |c 338754 |d 338752 | ||